000 00596nam a22001697a 4500
003 NUST
038 _aNusrat Nadeem
082 _a200
100 _aIftikhar, Waseem
_9124273
245 _aDeciphering ISIS/Daesh Ideology and Conflict: A Critical Discourse Analysis of Dabiq Magazine 2014 – 2016/
_cWaseem Iftikhar,
264 _aIslamabad;
_bCIPS NUST;
_c2022.
300 _a220p;
_bill;
_c30,cm.
650 _aPhD-Peace and Conflict Studies
_9123173
700 _aSupervisor: Dr. Muhammad Makki
_9120500
856 _uhttp://10.250.8.41:8080/xmlui/handle/123456789/34809
942 _2ddc
_cSC
999 _c610178
_d610178